000 00611nam a2200217Ii 4500
001 16979
003 CO-ViMGA
008 241108s9999||||xx |||||||||||||| ||und||
020 _a9789871343218
040 _aCO-ViMGA
_bspa
_erda
_cCO-ViMGA
041 0 _aspa
082 0 4 _a863.194 B14m
100 1 _aMartín Blasco
_950399
245 1 0 _aLas monedas mágicas
264 1 _aBuenos Aires, Argentina : Del Naranjo, 2010
300 _avolumen
336 _atext
_btxt
_2rdacontent
337 _aunmediated
_bn
_2rdamedia
338 _avolume
_bnc
_2rdacarrier
940 _aidficha_siabuc: 16647. -- ficha_no_siabuc:16979
999 _c45083
_d45083